Title in the Lyrics -- Songs That Start With Q - Statistics

General Stats
  • This quiz has been taken 210 times
  • The average score is 2 of 15
Answer Stats
Lyrics Title % Correct
I used to be the King of Clubs / But now those days are done / Oh, cuz I know you are (know you are) / The _____ __ ______ Queen of Hearts
71%
___ _____ ____ / Whatever will be, will be / The future's not ours to see Que Sera, Sera
63%
'Cause I don't wanna move on / So I gotta hold on / Baby because you and me are sinking like _________ Quicksand
34%
When I believe that nothing lasts forever / You stay with me, keeping us together / And make me feel like I never ever wanna give you up / 'Til now, I've always been a _______ Quitter
28%
You know you've gotta stop (from my heart) / You're tearin' us apart (my heart, my heart) / ____ _______ _____ ____ __ _____ Quit Playing Games With My Heart
19%
Ooh, ooh, (shalala) I was dancing with the _____ __ ___ _______ / Ooh, ooh, (shalala) dancing in the streets of New Orleans Queen of New Orleans
12%
Don't you know that I danced, I danced till a _______ __ _____ / With the help, last night, of Daddy G / He was swingin on the sax like a nobody could / And I was dancin' all over the room Quarter to Three
10%
Drawn by _____ __ ____ / They searched all through the land / Drawn by _____ __ ____ / Discovery of man Quest For Fire
3%
I just found out her ghost left town / The _____ __ __________ is stepping down, down Queen of California
2%
_______ ___, _______ ___ who's got the ball / I haven't got it, it isn't in my pocket / O-U-T spells out that's out / Without a doubt Queenie Eye
1%
You're just a sucker, but we'll see who gets the last laugh / Who knows? Maybe you'll get to be the next _____ __ _______ Queen of Denmark
1%
_____ __ ___ _____ / Born among cotton / Life wasted picking / Ignore the screaming Queen of the Field
1%
Who am I living for? / Is this my limit? / Can I endure some more? / Chances are given, ________ ________ Question Existing
1%
It's just that the thought of us so happy / Appears in my mind, as a beautifully mysterious thing / Yes it does now baby / _________ __ ___ __ Questions 67 and 68
1%
______________ might / But it will probably not fix your bite / Tell me now, tell me how / Did I your lipstick on my kite Quixoticelixer
1%
No matching quizzes found
Score Distribution
Percent of People with Each Score
Percentile by Number Answered
Your Score History
You have not taken this quiz